| 000 | 01678cam a22003974a 4500 | ||
|---|---|---|---|
| 999 |
_c330310 _d330310 |
||
| 001 | 13502651 | ||
| 003 | ASAB | ||
| 005 | 20170620121149.0 | ||
| 008 | 040226s2005 nyua b 001 0 eng | ||
| 010 | _a 2004044993 | ||
| 020 | _a0071375503 | ||
| 035 | _a(DNLM)101208304 | ||
| 040 |
_aDNLM/DLC _cASAB _dDLC |
||
| 042 | _apcc | ||
| 050 | 1 | 0 |
_aRM301.4 _b.S52 2005 |
| 060 | 1 | 0 |
_aQV 38 _bS531a 2004 |
| 082 | 0 | 0 |
_a615.7 _222 |
| 100 | 1 |
_aShargel, Leon, _d1941- _92889 |
|
| 245 | 1 | 0 |
_aApplied biopharmaceutics & pharmacokinetics / _cLeon Shargel, Susanna Wu-Pong, Andrew B.C. Yu. |
| 246 | 3 | _aApplied biopharmaceutics and pharmacokinetics | |
| 250 | _a5th ed. | ||
| 260 |
_aNew York : _bAppleton & Lange Reviews/McGraw-Hill, Medical Pub. Division, _cc2005. |
||
| 300 |
_axx, 892 p. : _bill. ; _c24 cm. |
||
| 504 | _aIncludes bibliographical references and index. | ||
| 650 | 0 |
_aBiopharmaceutics. _92890 |
|
| 650 | 0 |
_aPharmacokinetics. _92891 |
|
| 650 | 1 | 2 |
_aBiopharmaceutics. _92890 |
| 650 | 2 | 2 |
_aModels, Chemical. _92892 |
| 650 | 2 | 2 |
_aPharmacokinetics. _92891 |
| 700 | 1 |
_aWu-Pong, Susanna. _92893 |
|
| 700 | 1 |
_aYu, Andrew B. C., _d1945- _92894 |
|
| 856 | 4 | 2 |
_3Contributor biographical information _uhttp://www.loc.gov/catdir/bios/mh051/2004044993.html |
| 856 | 4 | 1 |
_3Table of contents _uhttp://www.loc.gov/catdir/toc/mh051/2004044993.html |
| 856 | 4 | 2 |
_3Publisher description _uhttp://www.loc.gov/catdir/enhancements/fy0704/2004044993-d.html |
| 906 |
_a7 _bcbc _corignew _d1 _eocip _f20 _gy-gencatlg |
||
| 942 |
_2ddc _cBK |
||